Colectivo VenSeremos: Morelia, Michoacán, México

সংরক্ষণ করুন:
গ্রন্থ-পঞ্জীর বিবরন
বিন্যাস: গ্রন্থ
ভাষা:Spanish
ট্যাগগুলো: ট্যাগ যুক্ত করুন
কোনো ট্যাগ নেই, প্রথমজন হিসাবে ট্যাগ করুন!

MARC

LEADER 00000nam a22000007a 4500
003 cru CIDCACS
005 20240807140901.0
008 240807s1984 cl |||p|r|||| 00| 0 spa d
040 |c cru CIDCACS 
245 |a Colectivo VenSeremos:  |b Morelia, Michoacán, México 
300 |a 24 páginas:  |b ilustraciones 
773 0 |0 45522  |9 11438  |d Santiago, Chile: Instituto Latinoamericana de Estudios Transnacionales. Unidad de Comunicación Alternativa de la Mujer  |o 17636  |t Colección Comunicación Alternativa de la Mujer / 
942 |2 ddc  |c PP 
999 |c 45946  |d 45946